MARC details
| 000 -CABECERA |
| campo de control de longitud fija |
02366nam a22002417a 4500 |
| 008 - DATOS DE LONGITUD FIJA--INFORMACIÓN GENERAL |
| campo de control de longitud fija |
250703b |||||||| |||| 00| 0 eng d |
| 020 ## - NÚMERO INTERNACIONAL ESTÁNDAR DEL LIBRO |
| Número Internacional Estándar del Libro |
9780241422984 |
| 040 ## - FUENTE DE LA CATALOGACIÓN |
| Centro/agencia transcriptor |
tbs |
| 041 ## - CÓDIGO DE LENGUA |
| Código de lengua del texto/banda sonora o título independiente |
eng |
| 050 ## - SIGNATURA TOPOGRÁFICA DE LA BIBLIOTECA DEL CONGRESO |
| Número de clasificación |
MT90 |
| Número de documento/Ítem |
.C65 2020 |
| 245 ## - MENCIÓN DE TÍTULO |
| Título |
The complete classical music guide |
| Mención de responsabilidad, etc. |
/ general editor, John Burrows with Charles Wiffen and contributions from Robert Ainsley, [and others]. |
| 260 ## - PUBLICACIÓN, DISTRIBUCIÓN, ETC. |
| Lugar de publicación, distribución, etc. |
New York, NY : |
| Nombre del editor, distribuidor, etc. |
Dk Publishing, |
| Fecha de publicación, distribución, etc. |
2020. |
| 300 ## - DESCRIPCIÓN FÍSICA |
| Extensión |
352 pages : |
| Otras características físicas |
illustrations (chiefly color) ; |
| Dimensiones |
25 cm. |
| 500 ## - NOTA GENERAL |
| Nota general |
Introducing classical music. The elements of classical music ; Classical music instruments ; Clasisal music in performance -- The history of classical music. Early music (1000-1600) ;<br/>The Baroque era (1600-1750) ; The Classical era (1750-1820) ; The Romantic era (1810-1920) ; Romantic opera (1810-1920) ; National schools (1830-1950) ; Modern music (1900-present). |
| 520 ## - SUMARIO, ETC. |
| Sumario, etc. |
What makes Mozart's music so great? Why does a minor chord sound sad and a major chord sound happy? What's the difference between opera and operetta? From Bach to Bernstein, this definitive guide offers a complete survey of the history of classical music.<br/><br/>Whether you already love classical music or you're just beginning to explore it, The Complete Classical Music Guide invites you to discover the spirituality of Byrd's masses, the awesome power of Handel's Messiah, and the wonders of Wagner's operas, as well as hundreds more composers and their masterpieces. This guide takes you on a journey through more than 1,000 years, charting the evolution of musical instruments, styles, and genres. Biographies of major and lesser-known composers offer rich insights into their music and the historical and cultural contexts that influenced their genius.<br/><br/>The book explores the features that defined each musical era - from the ornate brilliance of the Baroque, through the drama of Romantic music, to contemporary genres such as minimalism and electronic music. Timelines, quotes, and colour photographs give a voice to this music and the exceptionally gifted individuals who created it. |
| 650 #0 - PUNTO DE ACCESO ADICIONAL DE MATERIA--TÉRMINO DE MATERIA |
| Término de materia o nombre geográfico como elemento de entrada |
Music appreciation |
| 9 (RLIN) |
25655 |
| 650 #0 - PUNTO DE ACCESO ADICIONAL DE MATERIA--TÉRMINO DE MATERIA |
| Término de materia o nombre geográfico como elemento de entrada |
Musical instruments |
| 9 (RLIN) |
25659 |
| 650 #0 - PUNTO DE ACCESO ADICIONAL DE MATERIA--TÉRMINO DE MATERIA |
| Término de materia o nombre geográfico como elemento de entrada |
Composers |
| 9 (RLIN) |
25667 |
| 700 ## - ENTRADA AGREGADA--NOMBRE PERSONAL |
| Nombre de persona |
Burrows, John |
| Fechas asociadas al nombre |
1939- |
| 9 (RLIN) |
25668 |
| Término indicativo de función/relación |
editor |
| 700 ## - ENTRADA AGREGADA--NOMBRE PERSONAL |
| Nombre de persona |
Wiffen, Charles |
| 9 (RLIN) |
25669 |
| Término indicativo de función/relación |
editor |
| 700 ## - ENTRADA AGREGADA--NOMBRE PERSONAL |
| Nombre de persona |
Ainsley, Robert |
| 9 (RLIN) |
25670 |
| Término indicativo de función/relación |
editor |
| 942 ## - ELEMENTOS DE ENTRADA AGREGADA (KOHA) |
| Fuente del sistema de clasificación o colocación |
Clasificación de Library of Congress |